000 00633nam a22002177a 4500
005 20230327091137.0
008 140703b xxu||||| |||| 00| 0 eng d
020 _a9789383200023
_c100.00
040 _aLoreto College
041 _aBengali
082 _a891.443
_bCAR
100 _aCarroll, Lewis
245 _aAjob deshe Alice
_cLewis Carroll; translated by Prabir Sen and illustrated by John Tenniel
260 _aKolkata
_bPata Bahar
_c2013
300 _a119p.
_b20cm.
650 _aEnglish fiction translated into Bengali
700 _4tr.
_aSen, Prabir
700 _4ill.
_aTenniel, John
850 _aLCLIB
942 _cBK
999 _c39324
_d89803